Real Madryt skład 21/22 - Statystyki

Ogólne statystyki
  • Ten quiz został rozwiązany 237 razy
  • Średni wynik to 18 z 27
Statystyki odpowiedzi
Pozycja Zawodnik % Poprawnych
Napastnik Benzema
90%
Pomocnik Modric
88%
Obrońca Carvajal
85%
Bramkarz Courtois
85%
Pomocnik Kroos
85%
Obrońca Militao
84%
Bramkarz Lunin
83%
Pomocnik Casemiro
81%
Napastnik Rodrygo
81%
Obrońca Alaba
79%
Obrońca Mendy
78%
Pomocnik Camavinga
70%
Pomocnik Valverde
69%
Obrońca Marcelo
68%
Napastnik Asensio
62%
Obrońca Vazquez
62%
Obrońca Fernandez
60%
Napastnik Hazard
60%
Napastnik Bale
58%
Napastnik Junior
55%
Pomocnik Isco
51%
Napastnik Jovic
49%
Obrońca Vallejo
49%
Napastnik Diaz
48%
Pomocnik Ceballos
44%
Pomocnik Blanco
15%
Obrońca Gutierrez
15%
Nie znaleziono quizów pasujących do podanych kryteriów
Rozkład punktacji
Procent ludzi z każdym wynikiem
Percentyl według liczby udzielonych odpowiedzi
Twoja historia wyników
Nie rozwiązałeś tego quizu